1129 1270 1603 1387 1287 1676 1852 1047 1224 1984 1660 1447 1977 1430 1772 1439 1687 1881 1580 1121 1133 1340 1474 1342 1745 1336 1854 1094 1942 1922 1665 1615 1069 1641 1764 1516 1559 1882 1244 1732 1549 1394 1853 1233 1011 1508 1516 1027 1618 1233 1431 1279 1605 1023 1384 1839 1825 1336 1720 1471 1724 1408 1101 1825 1104 1101 1807 1525 1541 1261 1304 1858 1331 1805 1763 1783 1254 1727 1626 1075 1608 1266 1557 1827 1340 1021 1187 1773 1072 1570 1854 1321 1543 1464 1598 1901 1716 1621 1958 BCNSPRNW ULIB Ver.6.0+V

เปลี่ยนเป็นภาษาไทย

Change to English
 แสดงรายละเอียดบรรณานุกรม
  กลับหน้าหลัก

Brief Record : Get Marc (ISO 2709) : E-mail record : QR code < ปิดหน้าต่าง
LEADER : 00000nam 2200000uu 4500
001    13399122399
003     ULIB
008    130319s2550||||th 000 0 tha d
020    ^a9789743264504
050  4 ^aHA36^bก351ก
245 00 ^aการสำรวจค่าใช้จ่ายและบุคลากรทางการวิจัยและพัฒนาของประเทศไทย ประจำปี 2550 =^b2007 National survey on R&D expenditure and personnel of Thailand /^cกองนโยบายและวางแผนการวิจัย สำนักงานคณะกรรมการวิจัยแห่งชาติ กระทรวงวิทยาศาสตร์ เทคโนโลยีและสิ่งแวดล้อม
246 31 ^aNational survey on R&D expenditure and personnel of Thailand
260    ^a[กรุงเทพฯ] :^bโรงพิมพ์ชุมนุมสหกรณ์การเกษตรแห่งประเทศไทย,^c2550
300    ^a 129 หน้า,^bตาราง,แผนภูมิ
500    ^aปีที่พิมพ์ในเลขเรียกหนังสือเป็นปีที่ปรากฏบนหน้าปกใน
500    ^aข้อมูลส่วนใหญ่เป็นตาราง
650  7 ^aนักวิจัย^zไทย^xค่าใช้จ่าย^vการสำรวจ
650  7 ^aนักวิจัย^zไทย^xค่าใช้จ่าย^vสถิติ
710 2  ^aสำนักงานคณะกรรมการวิจัยแห่งชาติ.^bกองนโยบายและวางแผนการวิจัย
740 02 ^a2001 National survey on R&D expenditure and personnel of Thailand
945    ^p0^l0^i033628
999    ^aเกษร
รายการนี้ยังไม่มีแท็ก
คุณยังไม่ได้ล็อกอิน คุณสามารถมีกิจกรรมร่วมกับเว็บไซต์ได้ แต่ต้องล็อกอินก่อน ::
  ล็อกอิน

รายการสื่อสารสนเทศ

ลำดับที่ ประเภท เลขเรียก/บาร์โค้ด สถานที่ สถานะ
1. การศึกษาทั่วไป
การศึกษาทั่วไป
HA36 ก351ก  
  Barcode: 033628
ห้องสมุดวิทยาเขตสวรรค์ประชารักษ์
►หนังสือทั่วไป
บนชั้น

BibComment


ยังไม่เคยถูกคอมเมนท์

คอมเมนท์ทรัพยากรรายการนี้
  คอมเมนท์: การสำรวจค่าใช้จ่..


 Copyright 2026. Bcnsprnw @Library